釋經實用手冊 Shi jing shi yong shou ce = A handbook of Biblical interpretation {ch} / (Record no. 36285)
[ view plain ]
| 000 -LEADER | |
|---|---|
| fixed length control field | 00685nam a22001817a 4500 |
| 005 - DATE AND TIME OF LATEST TRANSACTION | |
| control field | 20140520110334.0 |
| 008 - FIXED-LENGTH DATA ELEMENTS--GENERAL INFORMATION | |
| fixed length control field | 121210b ch ||||| |||| 00| 0 chi d |
| 020 ## - INTERNATIONAL STANDARD BOOK NUMBER | |
| International Standard Book Number | 9789867077738 |
| 100 ## - MAIN ENTRY--PERSONAL NAME | |
| Personal name | 陈壽穗 Chen Shou-sui |
| 245 ## - TITLE STATEMENT | |
| Title | 釋經實用手冊 Shi jing shi yong shou ce = A handbook of Biblical interpretation {ch} / |
| Statement of responsibility, etc | 陈壽穗 Shou sui Chen |
| 260 ## - PUBLICATION, DISTRIBUTION, ETC. (IMPRINT) | |
| Place of publication, distribution, etc | 台灣 Taiwan : |
| Name of publisher, distributor, etc | 聖經資源中心出版社, |
| Date of publication, distribution, etc | 2011. |
| 300 ## - PHYSICAL DESCRIPTION | |
| Extent | 410 p. : |
| Dimensions | 21 cm. |
| 504 ## - BIBLIOGRAPHY, ETC. NOTE | |
| Bibliography, etc | Includes bibliographical references |
| 630 ## - SUBJECT ADDED ENTRY--UNIFORM TITLE | |
| Uniform title | Bible |
| General subdivision | Criticism, intepretation, etc. {ch}. |
| 630 ## - SUBJECT ADDED ENTRY--UNIFORM TITLE | |
| Uniform title | Bible |
| General subdivision | Hermeneutics |
| -- | Handbooks, manuals, etc. {ch}. |
| 700 ## - ADDED ENTRY--PERSONAL NAME | |
| Personal name | 陳壽穗著 Liren Ou |
| 942 ## - ADDED ENTRY ELEMENTS (KOHA) | |
| Source of classification or shelving scheme | Library of Congress Classification |
| Item type | Books |
| Withdrawn status | Lost status | Source of classification or shelving scheme | Damaged status | Not for loan | Home library | Current library | Shelving location | Date acquired | Cost, normal purchase price | Accession number | Total Checkouts | Full call number | Date last seen | Price effective from | Koha item type | Copy number |
|---|---|---|---|---|---|---|---|---|---|---|---|---|---|---|---|---|
| Library of Congress Classification | BSOP Library | BSOP Library | Reference Chinese | 03/19/2013 | 790.00 | 10890 | BS476 C42h 2011 | 03/19/2013 | 03/19/2013 | Books | ||||||
| Library of Congress Classification | BSOP Library | BSOP Library | Reference Chinese | 03/19/2013 | 790.00 | 10891 | BS476 C42h 2011 | 03/19/2013 | 03/19/2013 | Books | c.2 |
